000 01152nam2a2200265 4500
001 rc\2943871
005 20260315071044.0
035 _a(NLR Aleph) 007206004
090 _a13629388
_c13629388
100 _a20110826d1939 u y0rusy50 ca
101 0 _arus
102 _aRU
105 _aa z |||||
200 1 _aСтальной слиток и его дефекты
_fПроф. д-р Гудцов и кандидат техн. наук И.Я. Гранат
210 _d1939
215 _a16 с.
_cил.
320 _aБиблиогр.: с. 16
461 0 _1001rc\2943867
_12001#$aОсновы металлографии$fПод ред. проф. д-ра М.Г. Окнова$vЛекция 4
_96586756
_cЛенинград
_d1938-1939
_fПод ред. проф. д-ра М.Г. Окнова
_nГОНТИ, Гл. ред. лит. по черной металлургии
_tОсновы металлографии
_vЛекция 4
700 1 _aГудцов
_bН.Т.
_gНиколай Тимофеевич
701 1 _aГранат
_bИ.Я.
801 0 _aRU
_bNLR
_gpsbo
801 1 _aRU
_bELAR
_2rusmarc
852 _aNLR
_j38-19/169
942 _cUNSPEC
980 _aNB